<?xml version="1.0" encoding="UTF-8"?>
<record
    xmlns:xsi="http://www.w3.org/2001/XMLSchema-instance"
    xsi:schemaLocation="http://www.loc.gov/MARC21/slim http://www.loc.gov/standards/marcxml/schema/MARC21slim.xsd"
    xmlns="http://www.loc.gov/MARC21/slim">

  <leader>04014nab a2200277 i 4500</leader>
  <controlfield tag="003">BR-BrBNA</controlfield>
  <controlfield tag="005">20250915112043.0</controlfield>
  <controlfield tag="008">250915b2021    bl.ar|pooa||| 00| 0 eng |</controlfield>
  <datafield tag="040" ind1=" " ind2=" ">
    <subfield code="a">BR-BrBNA</subfield>
    <subfield code="b">eng</subfield>
  </datafield>
  <datafield tag="072" ind1=" " ind2=" ">
    <subfield code="a">F70</subfield>
  </datafield>
  <datafield tag="100" ind1=" " ind2=" ">
    <subfield code="a">Rogalski, Juliana Marcia </subfield>
  </datafield>
  <datafield tag="100" ind1=" " ind2=" ">
    <subfield code="a">Berkenbrock, Isabela Schmitt </subfield>
  </datafield>
  <datafield tag="100" ind1=" " ind2=" ">
    <subfield code="a">Vieira, Neide Koehntopp </subfield>
  </datafield>
  <datafield tag="100" ind1=" " ind2=" ">
    <subfield code="a">Reis, Ademir </subfield>
  </datafield>
  <datafield tag="245" ind1=" " ind2=" ">
    <subfield code="a">Demographic structure of clonal, endemic, and endangered rheophyte bromeliad Dyckia ibiramensis: asexual vs sexual reproduction</subfield>
  </datafield>
  <datafield tag="500" ind1=" " ind2=" ">
    <subfield code="a">Publica&#xE7;&#xE3;o on-line; Bibliography p. 10-12 (65 ref.); 4 tables.; 2 illus.; Summaries (En, Pt) </subfield>
  </datafield>
  <datafield tag="520" ind1=" " ind2=" ">
    <subfield code="a">

Abstract

In southern Brazil some species of Dyckia genus occur as rheophytes. Dyckia ibiramensis is an endemic
bromeliad that occurs in discrete patches of the rocky banks along Itaja&#xED; do Norte River, Santa Catarina state.
Four populations along Itaja&#xED; do Norte River were studied. In each population, all rosettes were counted and
the diameter of each rosette was measured. The spatial distribution of the rosettes was identified as an isolated
rosette or a clump. The clumps were classified according to the number of rosettes. The total number of rosettes
per population ranged from 295 to 1,412. Most rosettes occur in clumps (98.1%), and 41% have reproductive
rosettes. The number of rosettes per clump ranged from two to 43 rosettes. The percentage of reproductive
rosettes per population ranged from 7.8 to 26.7%. The correlation between the number of clumps or between
the total number of rosettes and the area of occupation was significant and positive. Few seedlings and isolated
rosettes, production of offshoots occurred on both immature, and reproductive rosettes, and clumps with few
rosettes can indicate the clonal propagation predominate in D. ibiramensis. Therefore, the maintenance and
monitoring of the populations are essential for its long-term in situ conservation.

Key words: conservation, disjunctive distribution, life stages, occupation area and riparian plant.





Resumo

No Sul do Brasil, algumas esp&#xE9;cies do g&#xEA;nero Dyckia ocorrem como re&#xF3;fitas. Dyckia ibiramensis &#xE9; uma
brom&#xE9;lia end&#xEA;mica que ocorre em manchas discretas, em bancos de rocha ao longo do Rio Itaja&#xED; do Norte,
estado de Santa Catarina. Quatro popula&#xE7;&#xF5;es ao longo do Rio Itaja&#xED; do Norte foram estudadas. Em cada
popula&#xE7;&#xE3;o, todas as rosetas foram contadas e o di&#xE2;metro de cada roseta foi medido. A distribui&#xE7;&#xE3;o espacial das
rosetas foi classificada como uma roseta isolada ou um grupo. Os grupos foram classificados de acordo com
o n&#xFA;mero de rosetas. O n&#xFA;mero total de rosetas por popula&#xE7;&#xE3;o variou de 295 at&#xE9; 1.412. A maioria das rosetas
ocorreu em grupos (98,1%), e 41% dos grupos tinham rosetas reprodutivas. O n&#xFA;mero de rosetas por grupo
variou de duas a 43 rosetas. A porcentagem de rosetas reprodutivas por popula&#xE7;&#xE3;o variou de 7,8 a 26,7%.
A correla&#xE7;&#xE3;o entre o n&#xFA;mero de grupos ou entre o n&#xFA;mero total de rosetas e a &#xE1;rea de ocupa&#xE7;&#xE3;o foi positiva
e significativa. Poucas pl&#xE2;ntulas e rosetas isoladas, produ&#xE7;&#xE3;o de brotos ocorrendo tanto em rosetas imaturas
como reprodutivas, e grupos com poucas rosetas podem indicar o predom&#xED;nio da propaga&#xE7;&#xE3;o clonal em D.
ibiramensis. Portanto, a manuten&#xE7;&#xE3;o e o monitoramento das popula&#xE7;&#xF5;es s&#xE3;o essenciais para sua conserva&#xE7;&#xE3;o
in situ, em longo prazo.

Palavras-chave: conserva&#xE7;&#xE3;o, distribui&#xE7;&#xE3;o disjuntiva, est&#xE1;gios de vida, &#xE1;rea de ocupa&#xE7;&#xE3;o e planta rip&#xE1;ria.</subfield>
  </datafield>
  <datafield tag="650" ind1=" " ind2=" ">
    <subfield code="a">CONSERVA&#xC7;&#xC3;O</subfield>
  </datafield>
  <datafield tag="650" ind1=" " ind2=" ">
    <subfield code="a">DISTRIBUI&#xC7;&#xC3;O GEOGR&#xC1;FICA</subfield>
  </datafield>
  <datafield tag="650" ind1=" " ind2=" ">
    <subfield code="a">ETAPA DE DESENVOLVIMENTO DA PLANTA</subfield>
  </datafield>
  <datafield tag="650" ind1=" " ind2=" ">
    <subfield code="a">BROM&#xC9;LIA</subfield>
  </datafield>
  <datafield tag="773" ind1="0" ind2=" ">
    <subfield code="0">709</subfield>
    <subfield code="9">357347</subfield>
    <subfield code="d">Rio de Janeiro-RJ Jardim Botanico do Rio de Janeiro 1935</subfield>
    <subfield code="o">2025-5311</subfield>
    <subfield code="t">Rodrigu&#xE9;sia (Brazil)</subfield>
    <subfield code="x">0370-6583; 2175-7860 on-line</subfield>
    <subfield code="g">v. 72 p. 1-12; (2021)</subfield>
    <subfield code="w">BR2025002281</subfield>
  </datafield>
  <datafield tag="856" ind1=" " ind2=" ">
    <subfield code="u">https://www.scielo.br/j/rod/a/ys3NfgphqKy6kHwFH7L8sNP/?format=pdf&amp;lang=en</subfield>
  </datafield>
  <datafield tag="942" ind1=" " ind2=" ">
    <subfield code="c">ANA</subfield>
  </datafield>
  <datafield tag="999" ind1=" " ind2=" ">
    <subfield code="c">338168</subfield>
    <subfield code="d">338168</subfield>
  </datafield>
</record>
